Kĩ thuật vi xử lí Tài liệu dùng cho sinh viên, kĩ sư chuyên ngành Điện tử, Tin học, Viễn thông, Đo lường, Tự động...

Các hệ đếm và việc mã hóa thông tin trong máy tính. Máy tính và hệ vi xử lí. Vi xử lí Intel 8088. Lập trình bằng hợp ngữ với 8088...

שמור ב:
מידע ביבליוגרפי
מחבר ראשי: Văn, Thế Minh (Tác giả)
פורמט: ספר
שפה:Vietnamese
יצא לאור: H. Giáo dục 1997
נושאים:
תגים: הוספת תג
אין תגיות, היה/י הראשונ/ה לתייג את הרשומה!
Thư viện lưu trữ: Mạng thư viện Đại học Đà Nẵng
LEADER 01313nam a2200349 4500
001 000012897
003 9221
005 20120302150304.0
008 120302s1997 viesd
020 |c 0đ 
041 0 |a vie 
082 |a 004.16  |b VA-M 
100 0 |a Văn, Thế Minh  |e Tác giả 
245 0 |a Kĩ thuật vi xử lí  |b Tài liệu dùng cho sinh viên, kĩ sư chuyên ngành Điện tử, Tin học, Viễn thông, Đo lường, Tự động...  |c Văn Thế Minh 
260 |a H.  |b Giáo dục  |c 1997 
300 |a 369 tr.  |c 27 cm 
520 |a Các hệ đếm và việc mã hóa thông tin trong máy tính. Máy tính và hệ vi xử lí. Vi xử lí Intel 8088. Lập trình bằng hợp ngữ với 8088... 
653 |a Kĩ thuật 
653 |a Vi xử lý 
653 |a Hệ đếm 
653 |a Tin học 
910 |a duyên 
OWN |a LSP 
AVA |a UDN50  |b LSP  |d 004.16 VA-M  |e available  |t Error 5001 Not defined in file expand_doc_bib_avail.  |f 4  |g 0  |h N  |i 0  |k 1 
999 |a From the UDN01 
AVA |a UDN50  |b LSP  |d 004.16 VA-M  |e available  |t Error 5001 Not defined in file expand_doc_bib_avail.  |f 4  |g 0  |h N  |i 0  |k 1 
TYP |a Monograph 
TYP |a Printed language 
980 |a Mạng thư viện Đại học Đà Nẵng